Racjonalizacja produkcji i zuzycia surowców energetycznych i energii w europejskich krajach RWPG
Salvato in:
| Natura: | Libro |
|---|---|
| Lingua: | polacco |
| Pubblicazione: |
Wroclaw
Akademia Ekonomiczna imienia Oskara Langego
1984
|
| Serie: | Prace naukowe, nr. 264
nr. 21 |
| Tags: |
Nessun Tag, puoi essere il primo ad aggiungerne!!
|
MARC
| LEADER | 00000nam a2200000 4500 | ||
|---|---|---|---|
| 001 | c113811 | ||
| 005 | 20250630081457.9 | ||
| 041 | 0 | |a pol | |
| 044 | |a PL | ||
| 245 | 1 | 0 | |a Racjonalizacja produkcji i zuzycia surowców energetycznych i energii w europejskich krajach RWPG |
| 264 | 1 | |a Wroclaw |b Akademia Ekonomiczna imienia Oskara Langego |c 1984 | |
| 300 | |a 253 s. | ||
| 490 | 1 | |a Prace naukowe, nr. 264 |v nr. 21 | |
| 830 | 0 | |a Prace naukowe, nr. 264 |v nr. 21 | |